Statystyki dla Państwa Europy według kolejności #2

Kliknij tutaj aby rozwiązać quiz!

Ogólne statystyki

  • Ten quiz został rozwiązany 28 razy
  • Średni wynik to 19 z 45

Statystyki odpowiedzi

HintOdpowiedź% Poprawnych
4NiemcyNiemcy
85%
2Rosja
85%
3Wielka BrytaniaWielka Brytania
81%
9BiałoruśBiałoruś
69%
8Francja
69%
5Hiszpania
65%
1Turcja
65%
7Włochy
62%
15BułgariaBułgaria
58%
45Watykan
58%
41Andora
54%
16CzechyCzechy
54%
43Liechtenstein
54%
44MaltaMalta
54%
40Monako
54%
6Ukraina
54%
27BelgiaBelgia
50%
19HolandiaHolandia
50%
28LitwaLitwa
50%
39LuksemburgLuksemburg
50%
12Polska
50%
42San Marino
50%
14Szwecja
42%
13Węgry
42%
11Austria
38%
10Rumunia
38%
18Norwegia
35%
20Chorwacja
31%
17Serbia
31%
25Dania
27%
24Finlandia
27%
38Islandia
27%
23Łotwa
23%
26Portugalia
23%
35Bośnia i Hercegowina
19%
37Czarnogóra
19%
22Grecja
19%
36Słowenia
19%
32Estonia
15%
29Irlandia
15%
30Macedonia Północna
15%
21Mołdawia
15%
31Słowacja
15%
34Szwajcaria
12%
33Albania
4%

Rozkład punktacji

Percentyl według liczby udzielonych odpowiedzi

Procent ludzi z każdym wynikiem

Twoja historia wyników

Nie rozwiązałeś tego quizu